Bilecik Bilecik Bilecik Bilecik Bilecik

Eski Yunan ve Roma tarihine giriş/ (Record no. 53682)

MARC details
000 -BAŞLIK
Sabit Uzunluktaki Kontrol Alanı 01011nam a22003377a 4500
001 - KONTROL NUMARASI
Control Dosyası 0053873
003 - KONTROL NUMARASI KİMLİĞİ
Kontrol Alanı KOHA_MİRAKIL
005 - EN SON İŞLEM TARİHİ ve ZAMANI
Kontrol Alanı 20260207003929.0
007 - FİZİKSEL TANIM SABİT ALAN - GENEL BİLGİ
Sabit uzunluklu kontrol alanı ta
008 - SABİT UZUNLUKTAKİ VERİ ÖGELERİ - GENEL BİLGİ
Sabit Alan 151112b2014 tu |||gr||||#||||0|tur |
020 ## - ISBN - ULUSLARARASI STANDART KİTAP NUMARASI
Isbn 9789750505928
040 ## - KATALOGLAMA KAYNAĞI
Özgün Kataloglama Kurumu TR-BiSEU
Kataloglama Dili tur
Çeviri Kurumu TR-BiSEU
Açıklama Kuralları rda
041 0# - DİL KODU
Metin ya da ses kaydının dil kodu tur
044 ## - YAYINLAYAN/ÜRETEN KURULUŞUN ÜLKE KODU
ISO country code tu
050 ## - SINIFLAMA ve YER NUMARASI
Sınıflama Numarası DF757
Yer Numarası .T45 2014
100 1# - KİŞİ ADI
Yazar Adı (Kişi adı) Tekin, Oğuz.
245 1# - ESER ADI BİLDİRİMİ
Başlık Eski Yunan ve Roma tarihine giriş/
Sorumluluk Bildirimi Oğuz Tekin ; Oğuz Tekin.
250 ## - BASIM BİLDİRİMİ
Basım Bildirimi 8. Baskı
264 #1 - ÜRERİM, YAYIN, DAĞITIM ve TELİF BİLDİRİMİ
Yayın yeri İstanbul :
Yayınlayan İletişim
Yayın tarihi 2014
300 ## - FİZİKSEL TANIMLAMA
Sayfa, Cilt vb. 351 sayfa ;
Boyutları 23 cm.
336 ## - İÇERİK TÜRÜ
Content type term metin
Content type code txt
Source rdacontent
337 ## - MEDYA TÜRÜ
Media type term aracısız
Media type code n
Source rdamedia
338 ## - TAŞIYICI TÜRÜ
Carrier type term cilt
Carrier type code nc
Source rdacarrier
490 1# - DİZİ BİLDİRİMİ
Dizi Bildirimi İletişim Yayınları ;
Cilt Numarası 1313.
490 1# - DİZİ BİLDİRİMİ
Dizi Bildirimi Tarih Dizisi ;
Cilt Numarası 47.
500 ## - GENEL NOT
Genel Not Dizin var.Kaynakça var.
650 #0 - KONU BAŞLIĞI EK GİRİŞ - KONU TERİMİ
Konusal terim veya coğrafi ad Greece--History.Rome--History.Rome--History Empire.
9 (RLIN) 100335
830 1# - SERİ EK GİRİŞİ - TEKBİÇİM ESER ADI
Tekbiçim Başlık İletişim Yayınları ;
Volume number/sequential designation 1313.
9 (RLIN) 7494
830 1# - SERİ EK GİRİŞİ - TEKBİÇİM ESER ADI
Tekbiçim Başlık Tarih Dizisi ;
Volume number/sequential designation 47.
9 (RLIN) 49621
942 ## - EK GİRİŞ ÖGELERİ (KOHA)
Source of classification or shelving scheme Library of Congress Classification
Koha item type Book
Holdings
Materyal Türü Kalıcı Konum Mevcut Konum Raf Yeri Sınıflandırma Kaynağı Edinim Bilgisi Ana Konular Alt Konular Yer Numarası Demirbaş Numarası Fatura Tarihi Maliyet, Alış Fiyatı Maliyet, Yenileme Fiyatı Geri Çekilme Durumu Kayıp Durumu Hasarlı Durumu Kredi için değil Kayıt Tarih Toplam Ödünçverme Son Görülme Tarihi Son Kontrol Tarihi Satın Alma Notu
Book Prof. Dr. Azmi Özcan Kütüphanesi Prof. Dr. Azmi Özcan Kütüphanesi Uluğbey Salonu Library of Congress Classification Satın DÜNYA TARİHİ (AVRUPA, ASYA, AFRİKA VB.) Yunanistan DF757 .T45 2014 0053873 23/11/2015 21.14 21.14         12/11/2015 6 05/12/2024 05/12/2024 325002